A hidegháború keletkezése

Elmentve itt :
Bibliográfiai részletek
Szerző: Jakó Csaba
További közreműködők: Majsa József (Témavezető)
Dokumentumtípus: Szakdolgozat
Megjelent: 1996
Tárgyszavak:
Online Access:http://diploma.bibl.u-szeged.hu/24056
LEADER 00527nta a2200157 i 4500
001 dipl24056
005 20130314082428.0
008 110919s1996 hu om 0|| zxx d
040 |a SZTE Diploma Repozitórium  |b hun 
041 |a zxx 
100 1 |a Jakó Csaba 
245 1 2 |a A hidegháború keletkezése  |h [elektronikus dokumentum] /  |c Csaba Jakó 
260 |c 1996 
650 4 |a Jogi és igazgatási tanulmányok 
700 1 |a Majsa József  |e ths 
856 4 0 |u http://diploma.bibl.u-szeged.hu/id/eprint/24056/1/1996_jako_csaba.pdf  |z Dokumentum-elérés